000 00836nam a2200253Ia 4500
999 _c40283
_d40283
001 6891
003 GE_BSU
005 20200204140146.0
008 181216s1991||||g |||||||||||||| ||geo||
040 _cGE_BSU
041 _ageo
080 _a821.353.1-32 გ-74
100 _aგოცირიძე, რევაზ.
_9775
245 _aჩანჩქერი :
_bმოთხრობა /
_cრევაზ გოცირიძე ; რედ. ლია შარვაშიძე.
245 _c
260 _aთბილისი.
260 _bმერანი.
260 _c1991.
300 _a62 გვ. ;
_c16 სმ.
653 _aჩანჩქერი
653 _aმოთხრობა
700 _aშარვაშიძე, ლია
_eრედაქტორი
_95787
942 _cBK
_2udc